LABOUR AND INDUSTRIAL CASES [1993]P-II (Record no. 7307)

MARC details
000 -LEADER
fixed length control field 00360nam a22001337a 4500
005 - DATE AND TIME OF LATEST TRANSACTION
control field 20200619132357.0
008 - FIXED-LENGTH DATA ELEMENTS--GENERAL INFORMATION
fixed length control field 200619b xxu||||| |||| 00| 0 eng d
082 ## - DEWEY DECIMAL CLASSIFICATION NUMBER
Classification number 345.4 LIC
110 ## - MAIN ENTRY--CORPORATE NAME
Corporate name or jurisdiction name as entry element ALL INDIA REPORTER Pvt.Ltd
245 ## - TITLE STATEMENT
Title LABOUR AND INDUSTRIAL CASES [1993]P-II
260 ## - PUBLICATION, DISTRIBUTION, ETC. (IMPRINT)
Place of publication MUMBAI
Name of publisher ALL INDIA REPORTER
Year of publication 1993
650 ## - SUBJECT ADDED ENTRY--TOPICAL TERM
Topical Term LAW
942 ## - ADDED ENTRY ELEMENTS (KOHA)
Koha item type Journals/Serial
Holdings
Lost status Damaged status Collection code Home library Current library Shelving location Date acquired Source of acquisition Full call number Accession Number Koha item type
    LAW JRU Library JRU Library SHELF-40-G 01/07/2020 PURCHASE 345.4 LIC 24873 Journals/Serial